Générique Beyblade - Paroles - Statistiques

Statistiques générales
  • Ce quiz a été pris 52 fois
  • Le résultat moyen est 9 sur 18
Statistiques - réponses
Paroles % Correct
Je vais fendre l'{air}
89%
Faut qu'tu soit gonflé à {bloc}
74%
Beyblade, c'est de l'hyper-{vitesse}
72%
Joue au {Beyblade} !
70%
Bats toi jusqu'à l'onde de {choc}
67%
Joue au {Beyblade} !
65%
Au {Beyblade} !
63%
Et entre dans l'hyper-{vitesse}
63%
Joue au {Beyblade} !
63%
Joue au {Beyblade} !
63%
Gagne la {partie}
43%
Déchaîne ta {toupie}
41%
Pour mériter ta {place}
39%
Comme un aigle en {chasse}
37%
Jusqu'à toucher les {cieux}
30%
Résister à l'{assaut}
22%
Impose ton {enjeu}
11%
Sois le cyclone qui {progresse}
11%
Aucun quiz correspondant
Distribution des résultats
% des personnes avec chaque résultat
Percentile par nombre de réponses
Votre historique - résultats
Vous n’avez pas pris ce quiz